00457nam a2200145Ia 450000500170000000800410001702000180005808200130007610000200008924501030010926000500021230000150026265000180027765000160029520240605052754.0240331s9999 xx 000 0 und d a9789551772932 bANDa370 aAndradi,W.M.D.D 0aSri Lankan Subordinates of the British :bEnglish- educated Ceylonese in Official Life 1865 - 1883 aColombobSocial Scientists' Associationc2011 aiv,365 p., aSubordination aBritish Era